[Event "Bundesliga 9798"]
[Site "Deutschland"]
[Date "1998.??.??"]
[Round "?.6"]
[White "Michaelsen, Nils"]
[Black "Schmidt, Peter"]
[Result "1/2-1/2"]
[WhiteElo "2430"]
[BlackElo "2410"]
[PlyCount "27"]
[EventDate "1997.10.??"]
[EventType "team"]
[EventRounds "15"]
[EventCountry "GER"]
[SourceTitle "Bundesliga 9798"]
[Source "DeepChess"]
[SourceDate "2005.01.01"]
[SourceVersion "1"]
[SourceVersionDate "2005.01.01"]
[SourceQuality "1"]
[WhiteTeam "Hamburger SK 1830 e.V."]
[BlackTeam "SK Passau 1869"]
[WhiteTeamCountry "GER"]
[BlackTeamCountry "GER"]

1. d4 Nf6 2. c4 g6 3. Nc3 Bg7 4. e4 d6 5. f4 O-O 6. Nf3 Na6 7. Bd3 Bg4 8. O-O
Nd7 9. Be3 e5 10. fxe5 c5 11. d5 Nxe5 12. Be2 Nxf3+ 13. Bxf3 Bxf3 14. Qxf3
1/2-1/2

[Event "Bundesliga 9798"]
[Site "Deutschland"]
[Date "1998.??.??"]
[Round "?.7"]
[White "Schlingensiepen, Christian"]
[Black "Wilhelmi, Christian"]
[Result "1/2-1/2"]
[WhiteElo "2300"]
[BlackElo "2405"]
[PlyCount "85"]
[EventDate "1997.10.??"]
[EventType "team"]
[EventRounds "15"]
[EventCountry "GER"]
[SourceTitle "Bundesliga 9798"]
[Source "DeepChess"]
[SourceDate "2005.01.01"]
[SourceVersion "1"]
[SourceVersionDate "2005.01.01"]
[SourceQuality "1"]
[WhiteTeam "SK Passau 1869"]
[BlackTeam "Hamburger SK 1830 e.V."]
[WhiteTeamCountry "GER"]
[BlackTeamCountry "GER"]

1. e4 c5 2. Nc3 e6 3. g3 d5 4. exd5 exd5 5. Bg2 Nf6 6. d3 d4 7. Ne4 Nxe4 8.
Bxe4 Nd7 9. Ne2 Nf6 10. Bg2 Bd6 11. O-O O-O 12. Bf4 Bg4 13. Bxd6 Qxd6 14. h3
Bd7 15. Nf4 Rae8 16. Qd2 h6 17. Rae1 Bc6 18. Rxe8 Rxe8 19. Re1 Rxe1+ 20. Qxe1
Bxg2 21. Nxg2 Kf8 22. Nh4 Qd5 23. Qa5 g5 24. Ng2 a6 25. Qc7 Kg7 26. b3 Nd7 27.
h4 Ne5 28. hxg5 hxg5 29. Qe7 Nf3+ 30. Kf1 Nh2+ 31. Kg1 Nf3+ 32. Kf1 Kg6 33. Qe8
Nd2+ 34. Kg1 Nf3+ 35. Kf1 Qf5 36. Ne1 Nh2+ 37. Kg2 Ng4 38. Qg8+ Kf6 39. Nf3 Qd5
40. Qh8+ Kg6 41. Qg8+ Kf6 42. Qh8+ Kg6 43. Qg8+ 1/2-1/2

[Event "Bundesliga 9798"]
[Site "Deutschland"]
[Date "1998.??.??"]
[Round "?.8"]
[White "Gustafsson, Jan"]
[Black "Pflug, Matthias"]
[Result "1-0"]
[WhiteElo "2375"]
[BlackElo "2175"]
[PlyCount "79"]
[EventDate "1997.10.??"]
[EventType "team"]
[EventRounds "15"]
[EventCountry "GER"]
[SourceTitle "Bundesliga 9798"]
[Source "DeepChess"]
[SourceDate "2005.01.01"]
[SourceVersion "1"]
[SourceVersionDate "2005.01.01"]
[SourceQuality "1"]
[WhiteTeam "Hamburger SK 1830 e.V."]
[BlackTeam "SK Passau 1869"]
[WhiteTeamCountry "GER"]
[BlackTeamCountry "GER"]

1. d4 f5 2. g3 g6 3. Bg2 Bg7 4. c3 Nf6 5. Qb3 d5 6. Nh3 O-O 7. Nf4 c6 8. Nd2 e5
9. dxe5 Ng4 10. c4 d4 11. Nd3 Nxe5 12. Nxe5 Bxe5 13. O-O Bf6 14. Nf3 Qe7 15. e3
dxe3 16. Bxe3 Be6 17. Rfe1 Re8 18. Bd4 Na6 19. Qc3 Bxd4 20. Nxd4 Qf6 21. Nxe6
Rxe6 22. Rxe6 Qxe6 23. Re1 Qd7 24. Bf3 Re8 25. Rxe8+ Qxe8 26. Kg2 Qd7 27. b4
Nc7 28. Qe3 a6 29. h4 Ne8 30. Qe5 Kf7 31. b5 axb5 32. cxb5 cxb5 33. Bd5+ Kf8
34. Qh8+ Ke7 35. Qxh7+ Kd8 36. Qg8 Kc7 37. Bf3 Nf6 38. Qxg6 Nd5 39. h5 Ne7 40.
Qg7 1-0

[Event "Bundesliga 9798"]
[Site "Deutschland"]
[Date "1997.??.??"]
[Round "?.1"]
[White "Ftacnik, Lubomir"]
[Black "Cvitan, Ognjen"]
[Result "0-1"]
[WhiteElo "2585"]
[BlackElo "2570"]
[PlyCount "52"]
[EventDate "1997.10.??"]
[EventType "team"]
[EventRounds "15"]
[EventCountry "GER"]
[SourceTitle "Bundesliga 9798"]
[Source "DeepChess"]
[SourceDate "2005.01.01"]
[SourceVersion "1"]
[SourceVersionDate "2005.01.01"]
[SourceQuality "1"]
[WhiteTeam "Hamburger SK 1830 e.V."]
[BlackTeam "SK Zaehringen 1921"]
[WhiteTeamCountry "GER"]
[BlackTeamCountry "GER"]

1. d4 Nf6 2. Nf3 g6 3. c4 Bg7 4. Nc3 O-O 5. e4 d6 6. Be2 e5 7. O-O Nc6 8. d5
Ne7 9. Nd2 Ne8 10. b4 f5 11. c5 Nf6 12. f3 f4 13. Nc4 g5 14. a4 Ng6 15. Ba3 Rf7
16. b5 dxc5 17. Bxc5 h5 18. a5 g4 19. b6 g3 20. Kh1 Nh7 21. d6 Qh4 22. Bg1 Bh3
23. bxc7 Bxg2+ 24. Kxg2 Qh3+ 25. Kxh3 Ng5+ 26. Kg2 Nh4+ 0-1

[Event "Bundesliga 9798"]
[Site "Deutschland"]
[Date "1997.??.??"]
[Round "?.2"]
[White "Siegel, Georg"]
[Black "Wahls, Matthias"]
[Result "1/2-1/2"]
[WhiteElo "2540"]
[BlackElo "2595"]
[PlyCount "38"]
[EventDate "1997.10.??"]
[EventType "team"]
[EventRounds "15"]
[EventCountry "GER"]
[SourceTitle "Bundesliga 9798"]
[Source "DeepChess"]
[SourceDate "2005.01.01"]
[SourceVersion "1"]
[SourceVersionDate "2005.01.01"]
[SourceQuality "1"]
[WhiteTeam "SK Zaehringen 1921"]
[BlackTeam "Hamburger SK 1830 e.V."]
[WhiteTeamCountry "GER"]
[BlackTeamCountry "GER"]

1. Nf3 Nf6 2. c4 e6 3. Nc3 c5 4. d4 cxd4 5. Nxd4 Bb4 6. g3 O-O 7. Bg2 d5 8.
cxd5 Nxd5 9. Bd2 Bxc3 10. bxc3 e5 11. Nc2 Nc6 12. Nb4 Ncxb4 13. cxb4 Be6 14.
O-O Qd7 15. Qb1 Bh3 16. Bxh3 Qxh3 17. Qe4 Qe6 18. Rfd1 Rad8 19. Be1 Rd6 1/2-1/2

[Event "Bundesliga 9798"]
[Site "Deutschland"]
[Date "1997.??.??"]
[Round "?.3"]
[White "Kempinski, Robert"]
[Black "Baklan, Vladimir"]
[Result "1/2-1/2"]
[WhiteElo "2530"]
[BlackElo "2570"]
[PlyCount "59"]
[EventDate "1997.10.??"]
[EventType "team"]
[EventRounds "15"]
[EventCountry "GER"]
[SourceTitle "Bundesliga 9798"]
[Source "DeepChess"]
[SourceDate "2005.01.01"]
[SourceVersion "1"]
[SourceVersionDate "2005.01.01"]
[SourceQuality "1"]
[WhiteTeam "Hamburger SK 1830 e.V."]
[BlackTeam "SK Zaehringen 1921"]
[WhiteTeamCountry "GER"]
[BlackTeamCountry "GER"]

1. d4 Nf6 2. c4 c5 3. d5 b5 4. Qc2 bxc4 5. e4 g6 6. Bxc4 d6 7. Nf3 Bg7 8. O-O
O-O 9. Nc3 Ba6 10. Bxa6 Nxa6 11. Bg5 h6 12. Bf4 Rb8 13. Rab1 Qb6 14. h3 Nd7 15.
Qe2 Nc7 16. e5 dxe5 17. Nxe5 Nxe5 18. Bxe5 Bxe5 19. Qxe5 Qd6 20. Rfe1 Qxe5 21.
Rxe5 Rfd8 22. Rxe7 Nxd5 23. Nxd5 Rxd5 24. Rxa7 Rd2 25. b3 Re8 26. Rf1 Ree2 27.
a4 Rb2 28. Rc7 Rxb3 29. Rxc5 Ra3 30. a5 1/2-1/2

[Event "Bundesliga 9798"]
[Site "Deutschland"]
[Date "1997.??.??"]
[Round "?.4"]
[White "Roos, Daniel"]
[Black "Mueller, Karsten"]
[Result "0-1"]
[WhiteElo "2420"]
[BlackElo "2505"]
[PlyCount "70"]
[EventDate "1997.10.??"]
[EventType "team"]
[EventRounds "15"]
[EventCountry "GER"]
[SourceTitle "Bundesliga 9798"]
[Source "DeepChess"]
[SourceDate "2005.01.01"]
[SourceVersion "1"]
[SourceVersionDate "2005.01.01"]
[SourceQuality "1"]
[WhiteTeam "SK Zaehringen 1921"]
[BlackTeam "Hamburger SK 1830 e.V."]
[WhiteTeamCountry "GER"]
[BlackTeamCountry "GER"]

1. d4 d5 2. Bf4 c6 3. e3 Qb6 4. Qc1 Bf5 5. Nf3 e6 6. Be2 h6 7. O-O Nf6 8. Nbd2
Nbd7 9. Ne5 Nxe5 10. Bxe5 Nd7 11. Bg3 Be7 12. c4 O-O 13. c5 Qd8 14. b4 a6 15.
Qc3 Re8 16. a4 Bf6 17. Nb3 e5 18. Rfe1 exd4 19. exd4 Nf8 20. Kf1 Qd7 21. b5
axb5 22. axb5 cxb5 23. Ra5 Rxa5 24. Nxa5 Ne6 25. Nb3 Ra8 26. Bd3 b4 27. Qc2
Bxd3+ 28. Qxd3 Ra3 29. Be5 Bxe5 30. Rxe5 Nxd4 31. Qxd4 Rxb3 32. g3 Qh3+ 33. Ke2
Qg2 34. Rxd5 Qf3+ 35. Ke1 Rb1+ 0-1

[Event "Bundesliga 9798"]
[Site "Deutschland"]
[Date "1997.??.??"]
[Round "?.5"]
[White "Heinemann, Thies"]
[Black "Toth, Bela"]
[Result "1/2-1/2"]
[WhiteElo "2450"]
[BlackElo "2395"]
[PlyCount "48"]
[EventDate "1997.10.??"]
[EventType "team"]
[EventRounds "15"]
[EventCountry "GER"]
[SourceTitle "Bundesliga 9798"]
[Source "DeepChess"]
[SourceDate "2005.01.01"]
[SourceVersion "1"]
[SourceVersionDate "2005.01.01"]
[SourceQuality "1"]
[WhiteTeam "Hamburger SK 1830 e.V."]
[BlackTeam "SK Zaehringen 1921"]
[WhiteTeamCountry "GER"]
[BlackTeamCountry "GER"]

1. e4 e5 2. Nf3 Nc6 3. Nc3 Nf6 4. d4 exd4 5. Nxd4 Bb4 6. Nxc6 bxc6 7. Bd3 d5 8.
exd5 cxd5 9. O-O O-O 10. Bg5 c6 11. Qf3 Bd6 12. h3 Rb8 13. Na4 Be6 14. b3 h6
15. Be3 Qe7 16. Rfe1 c5 17. Bf4 Qd8 18. Rad1 Bxf4 19. Qxf4 Qa5 20. Bf5 Bxf5 21.
Qxf5 Rfe8 22. Rxe8+ Rxe8 23. c4 dxc4 24. Qxc5 Qxc5 1/2-1/2

[Event "Bundesliga 9798"]
[Site "Deutschland"]
[Date "1997.??.??"]
[Round "?.6"]
[White "Maier, Christian"]
[Black "Michaelsen, Nils"]
[Result "1-0"]
[WhiteElo "2380"]
[BlackElo "2430"]
[PlyCount "77"]
[EventDate "1997.10.??"]
[EventType "team"]
[EventRounds "15"]
[EventCountry "GER"]
[SourceTitle "Bundesliga 9798"]
[Source "DeepChess"]
[SourceDate "2005.01.01"]
[SourceVersion "1"]
[SourceVersionDate "2005.01.01"]
[SourceQuality "1"]
[WhiteTeam "SK Zaehringen 1921"]
[BlackTeam "Hamburger SK 1830 e.V."]
[WhiteTeamCountry "GER"]
[BlackTeamCountry "GER"]

1. e4 c5 2. Nf3 Nc6 3. Bb5 g6 4. O-O Bg7 5. Nc3 Nd4 6. Re1 Nxb5 7. Nxb5 d6 8.
d4 a6 9. Nc3 cxd4 10. Nxd4 Nf6 11. Bg5 h6 12. Bh4 O-O 13. Qd2 Re8 14. Rad1 g5
15. Bg3 Nh5 16. Nf5 Bxf5 17. exf5 Rc8 18. Nd5 Nxg3 19. hxg3 e6 20. fxe6 fxe6
21. Ne3 d5 22. c3 Qf6 23. Qe2 Qf7 24. Qg4 Rcd8 25. f4 gxf4 26. gxf4 Kh8 27. Qh4
Rg8 28. f5 exf5 29. Rf1 Qg6 30. Qh3 d4 31. Nxf5 dxc3 32. Rxd8 Rxd8 33. bxc3 Rd2
34. Kh1 Kh7 35. Qf3 Rd7 36. c4 Be5 37. Re1 Bg7 38. Ne7 Qd3 39. Qf7 1-0

[Event "Bundesliga 9798"]
[Site "Deutschland"]
[Date "1997.??.??"]
[Round "?.7"]
[White "Wilhelmi, Christian"]
[Black "Roos, Louis"]
[Result "1-0"]
[WhiteElo "2405"]
[BlackElo "2365"]
[PlyCount "63"]
[EventDate "1997.10.??"]
[EventType "team"]
[EventRounds "15"]
[EventCountry "GER"]
[SourceTitle "Bundesliga 9798"]
[Source "DeepChess"]
[SourceDate "2005.01.01"]
[SourceVersion "1"]
[SourceVersionDate "2005.01.01"]
[SourceQuality "1"]
[WhiteTeam "Hamburger SK 1830 e.V."]
[BlackTeam "SK Zaehringen 1921"]
[WhiteTeamCountry "GER"]
[BlackTeamCountry "GER"]

1. c4 e6 2. Nf3 f5 3. g3 Nf6 4. Bg2 Be7 5. O-O O-O 6. d4 d5 7. b3 c6 8. Ba3 a5
9. Bxe7 Qxe7 10. Nc3 Nbd7 11. Rc1 b6 12. Ne5 Bb7 13. cxd5 cxd5 14. Nxd7 Nxd7
15. Qd2 Qb4 16. Qe3 Rfe8 17. Rc2 Rac8 18. Nxd5 Qd6 19. Rxc8 Rxc8 20. Ne7+ Qxe7
21. Bxb7 Rc2 22. Rc1 Rxa2 23. Rc7 Qd6 24. Rc6 Ra1+ 25. Kg2 Qd5+ 26. Kh3 Nf8 27.
Rxb6 Qd8 28. Ra6 Rd1 29. d5 exd5 30. Ra8 Qd7 31. Bc8 Qd6 32. Qe6+ 1-0

[Event "Bundesliga 9798"]
[Site "Deutschland"]
[Date "1997.??.??"]
[Round "?.8"]
[White "Herbrechtsmeier, Christof"]
[Black "Sievers, Stefan"]
[Result "1/2-1/2"]
[WhiteElo "2280"]
[BlackElo "2365"]
[PlyCount "82"]
[EventDate "1997.10.??"]
[EventType "team"]
[EventRounds "15"]
[EventCountry "GER"]
[SourceTitle "Bundesliga 9798"]
[Source "DeepChess"]
[SourceDate "2005.01.01"]
[SourceVersion "1"]
[SourceVersionDate "2005.01.01"]
[SourceQuality "1"]
[WhiteTeam "SK Zaehringen 1921"]
[BlackTeam "Hamburger SK 1830 e.V."]
[WhiteTeamCountry "GER"]
[BlackTeamCountry "GER"]

1. e4 c5 2. Nf3 d6 3. d4 cxd4 4. Nxd4 Nf6 5. Nc3 g6 6. Be3 Bg7 7. f3 Nc6 8. Qd2
O-O 9. Bc4 Bd7 10. O-O-O Rc8 11. Bb3 Ne5 12. h4 h5 13. Bg5 Rc5 14. g4 hxg4 15.
f4 Nc4 16. Qe2 Qc8 17. Bxf6 Bxf6 18. Bxc4 Rxc4 19. Nd5 Re8 20. e5 dxe5 21. fxe5
Bg7 22. h5 Bf5 23. h6 Rxd4 24. Rxd4 Bf8 25. Rc4 Qb8 26. Qh2 Rc8 27. Rxc8 Qxc8
28. Ne3 Kh7 29. Qf4 Qe6 30. b3 Qc6 31. Rh2 e6 32. Nxg4 Qc3 33. Ne3 Bb4 34. Kb1
Qe1+ 35. Kb2 Qc3+ 36. Kb1 Qe1+ 37. Kb2 b5 38. Nxf5 exf5 39. c4 Qc3+ 40. Kb1
Qe1+ 41. Kc2 Qc3+ 1/2-1/2

[Event "Bundesliga 9798"]
[Site "Deutschland"]
[Date "1998.??.??"]
[Round "?.1"]
[White "Rozentalis, Eduardas"]
[Black "Ftacnik, Lubomir"]
[Result "1/2-1/2"]
[WhiteElo "2645"]
[BlackElo "2585"]
[PlyCount "73"]
[EventDate "1997.10.??"]
[EventType "team"]
[EventRounds "15"]
[EventCountry "GER"]
[SourceTitle "Bundesliga 9798"]
[Source "DeepChess"]
[SourceDate "2005.01.01"]
[SourceVersion "1"]
[SourceVersionDate "2005.01.01"]
[SourceQuality "1"]
[WhiteTeam "SV Castrop Rauxel 1923"]
[BlackTeam "Hamburger SK 1830 e.V."]
[WhiteTeamCountry "GER"]
[BlackTeamCountry "GER"]

1. e4 d6 2. d4 Nf6 3. Nc3 g6 4. Nf3 Bg7 5. Be2 O-O 6. O-O c6 7. a4 a5 8. h3 Na6
9. Bf4 Nb4 10. Qd2 e5 11. dxe5 dxe5 12. Bxe5 Qxd2 13. Nxd2 Nxc2 14. Rac1 Nb4
15. Nc4 Be6 16. Nd6 Nd7 17. Bxg7 Kxg7 18. Nxb7 Rfb8 19. Nd6 Nc5 20. Rfd1 Bb3
21. Rd2 Ra7 22. Ncb5 cxb5 23. Rxc5 bxa4 24. e5 Nd5 25. Nb5 Rd7 26. Nd4 Nf4 27.
Bg4 Rdd8 28. Rxa5 h5 29. Bf3 Ne6 30. Nxb3 Rxb3 31. Bd5 Rb4 32. Rc2 Nf4 33. Ba2
Rd7 34. Ra6 Rbb7 35. Rcc6 Nd3 36. e6 Nxb2 37. Bc4 1/2-1/2

[Event "Bundesliga 9798"]
[Site "Deutschland"]
[Date "1998.??.??"]
[Round "?.2"]
[White "Wahls, Matthias"]
[Black "Conquest, Stuart"]
[Result "1-0"]
[WhiteElo "2595"]
[BlackElo "2500"]
[PlyCount "97"]
[EventDate "1997.10.??"]
[EventType "team"]
[EventRounds "15"]
[EventCountry "GER"]
[SourceTitle "Bundesliga 9798"]
[Source "DeepChess"]
[SourceDate "2005.01.01"]
[SourceVersion "1"]
[SourceVersionDate "2005.01.01"]
[SourceQuality "1"]
[WhiteTeam "Hamburger SK 1830 e.V."]
[BlackTeam "SV Castrop Rauxel 1923"]
[WhiteTeamCountry "GER"]
[BlackTeamCountry "GER"]

1. e4 c5 2. Nf3 e6 3. d4 cxd4 4. Nxd4 Nc6 5. Nb5 d6 6. c4 Nf6 7. N1c3 a6 8. Na3
Be7 9. Be2 O-O 10. O-O b6 11. Be3 Bb7 12. Qb3 Nd7 13. Rac1 Re8 14. Rfd1 Bf8 15.
Na4 Na5 16. Qc3 Bxe4 17. Nxb6 Nxb6 18. Qxa5 Nd7 19. Qxd8 Rexd8 20. Nb1 Bb7 21.
Nc3 Rac8 22. b4 h6 23. a3 f5 24. Na4 e5 25. Nb6 Rc6 26. Nd5 Kh8 27. f4 Re8 28.
Bf2 g6 29. fxe5 Nxe5 30. a4 Rcc8 31. a5 Bg7 32. h3 g5 33. Bb6 f4 34. Bh5 Re6
35. Re1 Rf8 36. Kh1 Bc8 37. Nc7 Re7 38. b5 Rd7 39. bxa6 Nd3 40. a7 Bb7 41. Bf3
Bxf3 42. gxf3 Rxc7 43. Bxc7 Ra8 44. Bb6 Be5 45. c5 dxc5 46. Rxe5 Nxe5 47. Rxc5
Nf7 48. Rd5 Kg7 49. Rd7 1-0

[Event "Bundesliga 9798"]
[Site "Deutschland"]
[Date "1998.??.??"]
[Round "?.3"]
[White "Gallagher, Joseph G"]
[Black "Kempinski, Robert"]
[Result "1/2-1/2"]
[WhiteElo "2525"]
[BlackElo "2530"]
[PlyCount "63"]
[EventDate "1997.10.??"]
[EventType "team"]
[EventRounds "15"]
[EventCountry "GER"]
[SourceTitle "Bundesliga 9798"]
[Source "DeepChess"]
[SourceDate "2005.01.01"]
[SourceVersion "1"]
[SourceVersionDate "2005.01.01"]
[SourceQuality "1"]
[WhiteTeam "SV Castrop Rauxel 1923"]
[BlackTeam "Hamburger SK 1830 e.V."]
[WhiteTeamCountry "GER"]
[BlackTeamCountry "GER"]

1. e4 c5 2. Nf3 d6 3. d4 cxd4 4. Nxd4 Nf6 5. Nc3 a6 6. f4 e5 7. Nf3 Nbd7 8. a4
Be7 9. Bd3 exf4 10. O-O Ne5 11. Bxf4 Qc7 12. Kh1 O-O 13. Bg5 Be6 14. Nxe5 dxe5
15. Bxf6 Bxf6 16. Rxf6 gxf6 17. Qh5 Rfd8 18. Rf1 Qb6 19. Qh6 Qxb2 20. Nd5 Bxd5
21. exd5 e4 22. Bxe4 f5 23. Bxf5 Qg7 24. Qd2 b5 25. d6 bxa4 26. d7 Rab8 27. Qa5
Qd4 28. Bxh7+ Kxh7 29. Qh5+ Kg8 30. Qxf7+ Kh8 31. Qh5+ Kg8 32. Qf7+ 1/2-1/2

[Event "Bundesliga 9798"]
[Site "Deutschland"]
[Date "1998.??.??"]
[Round "?.4"]
[White "Heinemann, Thies"]
[Black "Watson, William N"]
[Result "1/2-1/2"]
[WhiteElo "2450"]
[BlackElo "2535"]
[PlyCount "124"]
[EventDate "1997.10.??"]
[EventType "team"]
[EventRounds "15"]
[EventCountry "GER"]
[SourceTitle "Bundesliga 9798"]
[Source "DeepChess"]
[SourceDate "2005.01.01"]
[SourceVersion "1"]
[SourceVersionDate "2005.01.01"]
[SourceQuality "1"]
[WhiteTeam "Hamburger SK 1830 e.V."]
[BlackTeam "SV Castrop Rauxel 1923"]
[WhiteTeamCountry "GER"]
[BlackTeamCountry "GER"]

1. e4 d6 2. d4 g6 3. Nc3 Bg7 4. Be3 a6 5. Qd2 Nd7 6. O-O-O b5 7. h4 Bb7 8. f3
Ngf6 9. g4 c5 10. h5 Rg8 11. hxg6 hxg6 12. dxc5 Nxc5 13. e5 b4 14. exf6 bxc3
15. Qxc3 Bxf6 16. Bd4 Bxd4 17. Qxd4 Qa5 18. Kb1 Ne6 19. Qe3 Rc8 20. Bd3 Qc5 21.
Qd2 a5 22. Rh2 a4 23. f4 a3 24. b4 Qb6 25. c3 Nc5 26. Qe3 Na4 27. Qxb6 Nxb6 28.
Rc1 Nd5 29. Ne2 e6 30. Be4 Rc4 31. Bd3 Rc7 32. Rh3 Ke7 33. Bc2 Ba6 34. Bd3 Bb7
35. Bc2 Ba6 36. Bd3 Bc4 37. Rf3 Rh8 38. Bxc4 Rxc4 39. Kc2 Rhc8 40. Kb3 e5 41.
fxe5 dxe5 42. g5 e4 43. Rh3 Nxb4 44. cxb4 Rxc1 45. Nxc1 Rxc1 46. Re3 Rg1 47.
Rxe4+ Kd6 48. Rf4 Ke6 49. Re4+ Kd6 50. Rd4+ Ke6 51. b5 Rxg5 52. Ka4 Rg1 53. Rb4
Kd7 54. Ka5 Rg2 55. Rb3 Rxa2 56. b6 Kc8 57. Ka6 Rb2 58. Rxa3 Kb8 59. Re3 Ra2+
60. Kb5 Rb2+ 61. Ka6 Ra2+ 62. Kb5 Rb2+ 1/2-1/2

[Event "Bundesliga 9798"]
[Site "Deutschland"]
[Date "1998.??.??"]
[Round "?.6"]
[White "Wilhelmi, Christian"]
[Black "Dinstuhl, Volkmar"]
[Result "1/2-1/2"]
[WhiteElo "2405"]
[BlackElo "2410"]
[PlyCount "100"]
[EventDate "1997.10.??"]
[EventType "team"]
[EventRounds "15"]
[EventCountry "GER"]
[SourceTitle "Bundesliga 9798"]
[Source "DeepChess"]
[SourceDate "2005.01.01"]
[SourceVersion "1"]
[SourceVersionDate "2005.01.01"]
[SourceQuality "1"]
[WhiteTeam "Hamburger SK 1830 e.V."]
[BlackTeam "SV Castrop Rauxel 1923"]
[WhiteTeamCountry "GER"]
[BlackTeamCountry "GER"]

1. c4 Nf6 2. Nc3 c5 3. g3 d5 4. cxd5 Nxd5 5. Bg2 Nc7 6. Qa4+ Bd7 7. Qb3 Bc6 8.
Nf3 e6 9. O-O Nd7 10. Rd1 Be7 11. d4 cxd4 12. Nxd4 Bxg2 13. Kxg2 Qc8 14. Be3
O-O 15. Rac1 Nc5 16. Qc4 a6 17. Nc6 bxc6 18. Bxc5 Nd5 19. Na4 Qb7 20. e4 Nf6
21. Bxe7 Qxe7 22. Qxc6 Qb4 23. Rc4 Qb5 24. h3 Qh5 25. Nc3 h6 26. Qc5 e5 27. Rd6
Rad8 28. Nd5 Nxd5 29. Qxd5 Rxd6 30. Qxd6 Qe2 31. Qxa6 Rd8 32. Ra4 Qxb2 33. Qc4
Qb7 34. Rb4 Qa8 35. Qb3 Qc6 36. Qf3 Qe6 37. Ra4 g6 38. Qa3 Kg7 39. Qc3 Rd1 40.
Rc4 h5 41. Rc6 Qe7 42. Qc5 Qxc5 43. Rxc5 Rd4 44. Kf3 Ra4 45. Rc2 Ra3+ 46. Kg2
Ra4 47. Re2 h4 48. gxh4 Kh6 49. Kf3 Kh5 50. Kg3 Ra3+ 1/2-1/2

[Event "Bundesliga 9798"]
[Site "Deutschland"]
[Date "1998.??.??"]
[Round "?.7"]
[White "Brendel, Oliver"]
[Black "Loeffler, Stefan"]
[Result "1/2-1/2"]
[WhiteElo "2425"]
[BlackElo "2400"]
[PlyCount "35"]
[EventDate "1997.10.??"]
[EventType "team"]
[EventRounds "15"]
[EventCountry "GER"]
[SourceTitle "Bundesliga 9798"]
[Source "DeepChess"]
[SourceDate "2005.01.01"]
[SourceVersion "1"]
[SourceVersionDate "2005.01.01"]
[SourceQuality "1"]
[WhiteTeam "SV Castrop Rauxel 1923"]
[BlackTeam "Hamburger SK 1830 e.V."]
[WhiteTeamCountry "GER"]
[BlackTeamCountry "GER"]

1. e4 e5 2. Nf3 d6 3. d4 exd4 4. Nxd4 Nf6 5. Nc3 Be7 6. Bc4 O-O 7. O-O Nxe4 8.
Nxe4 d5 9. Bd3 dxe4 10. Bxe4 Nd7 11. Bf4 Nc5 12. Bf3 Bd6 13. Bxd6 Qxd6 14. Nb3
Qb6 15. Qd4 Ne6 16. Qe5 a5 17. a4 Bd7 18. Qc3 1/2-1/2

[Event "Bundesliga 9798"]
[Site "Deutschland"]
[Date "1998.??.??"]
[Round "?.8"]
[White "Sievers, Stefan"]
[Black "Hennig, Dirk"]
[Result "0-1"]
[WhiteElo "2365"]
[BlackElo "2435"]
[PlyCount "92"]
[EventDate "1997.10.??"]
[EventType "team"]
[EventRounds "15"]
[EventCountry "GER"]
[SourceTitle "Bundesliga 9798"]
[Source "DeepChess"]
[SourceDate "2005.01.01"]
[SourceVersion "1"]
[SourceVersionDate "2005.01.01"]
[SourceQuality "1"]
[WhiteTeam "Hamburger SK 1830 e.V."]
[BlackTeam "SV Castrop Rauxel 1923"]
[WhiteTeamCountry "GER"]
[BlackTeamCountry "GER"]

1. c4 g6 2. g3 Bg7 3. Bg2 c5 4. e3 Nc6 5. Ne2 e5 6. O-O Nge7 7. Nbc3 d6 8. b3
Be6 9. Bb2 O-O 10. Nd5 Rb8 11. d3 b5 12. Qd2 Bxd5 13. cxd5 Nb4 14. e4 Qd7 15.
a3 Na6 16. f4 f6 17. h4 Kh8 18. Kh2 Ng8 19. Bh3 Qe7 20. b4 Nh6 21. Rac1 f5 22.
Rce1 Ng4+ 23. Bxg4 fxg4 24. Rf2 Kg8 25. Ref1 Bh6 26. Bc3 Rf7 27. Qe1 Rc8 28.
Qa1 Rcf8 29. Kg2 c4 30. Qb1 Nc7 31. dxc4 bxc4 32. a4 Ne8 33. Qe1 exf4 34. Nxf4
Bxf4 35. Rxf4 Rxf4 36. Rxf4 Rxf4 37. gxf4 Nf6 38. Bxf6 Qxf6 39. Kg3 Qd4 40.
Kxg4 c3 41. Qe2 Qxb4 42. h5 Qb2 43. Qc4 Qg2+ 44. Kh4 Qf2+ 45. Kg4 Qc5 46. Qb3
Qc8+ 0-1

[Event "Bundesliga 9798"]
[Site "Deutschland"]
[Date "1998.??.??"]
[Round "?.2"]
[White "Wahls, Matthias"]
[Black "Poldauf, Dirk"]
[Result "1-0"]
[WhiteElo "2595"]
[BlackElo "2455"]
[PlyCount "85"]
[EventDate "1997.10.??"]
[EventType "team"]
[EventRounds "15"]
[EventCountry "GER"]
[SourceTitle "Bundesliga 9798"]
[Source "DeepChess"]
[SourceDate "2005.01.01"]
[SourceVersion "1"]
[SourceVersionDate "2005.01.01"]
[SourceQuality "1"]
[WhiteTeam "Hamburger SK 1830 e.V."]
[BlackTeam "SV Empor Berlin e.V."]
[WhiteTeamCountry "GER"]
[BlackTeamCountry "GER"]

1. e4 e6 2. d4 d5 3. Nd2 Nf6 4. e5 Nfd7 5. c3 c5 6. Bd3 Nc6 7. Ne2 cxd4 8. cxd4
f6 9. exf6 Nxf6 10. Nf3 Bd6 11. O-O Qc7 12. Bg5 O-O 13. Bh4 Bd7 14. Bg3 Be8 15.
Ng5 Qd7 16. Bb5 Bh5 17. f3 a6 18. Bxc6 bxc6 19. Rc1 Rab8 20. b3 Rfe8 21. Nf4 e5
22. Nxh5 Nxh5 23. Qc2 e4 24. Bxd6 Qxd6 25. Qxc6 Qxc6 26. Rxc6 e3 27. Ne6 Kf7
28. Nc7 Rec8 29. g3 a5 30. Re1 Rb4 31. Ne6 Rxc6 32. Nd8+ Kf6 33. Nxc6 Rb6 34.
Nxa5 Rb4 35. Nc6 Rb6 36. Ne5 Rb4 37. Rxe3 Rxd4 38. Nd3 g5 39. Kf2 Ng7 40. g4 h5
41. h3 hxg4 42. hxg4 Ne6 43. Rxe6+ 1-0